Normal view
MARC view
- Capt Haif Qaisar Islam
Entry Corporate Name
001 - CONTROL NUMBER
- control field: 131510
003 - CONTROL NUMBER IDENTIFIER
- control field: NUST
005 - DATE AND TIME OF LATEST TRANSACTION
- control field: 20251024101138.0
008 - FIXED-LENGTH DATA ELEMENTS
- fixed length control field: 251024|| aca||aabn | a|a d
040 ## - CATALOGING SOURCE
- Original cataloging agency: NUST
- Transcribing agency: NUST
110 ## - HEADING--CORPORATE NAME
- Corporate name or jurisdiction name as entry element: Capt Haif Qaisar Islam
670 ## - SOURCE DATA FOUND
- Source citation: Work cat.: (NUST)210866: Nawaz, Muhammad Ul Husnain (TE-46 / TCC-22) 131509, Integrated security system /, 2013
